Score 0/30 Timer 04:00
0 Plays Today
Actress/ Comedienne Missing Names % Correct
Lucille ____Ball
96.4%
Whoopi ____Goldberg
95.8%
Mary Tyler __Moore
94%
Roseanne __Barr
91%
Ellen ____DeGeneres
89%
Betty ____White
89%
Tina ____Fey
86.8%
Bea ____Arthur
85.7%
Lisa ____Kudrow
85.4%
Helen ____Hunt
83.7%
Julia Louis-__Dreyfus
80.7%
Carol ____Burnett
74.4%
Rhea ____Perlman
71.7%
Gilda ____Radner
71.1%
Candice ___Bergen
70.9%
Actress/ Comedienne Missing Names % Correct
Lily ____Tomlin
68.8%
Joan ____Rivers
68.5%
Wanda ____Sykes
62.6%
Amy ____Poehler
58.2%
Judi ____Dench
56.3%
Tracey ____Ullman
55.1%
Jane ____Lynch
54.5%
Kathy ____Griffin
49.4%
Margaret __Cho
48.4%
Jean ____Stapleton
46%
Jane ____Curtin
42.7%
Doris ____Roberts
32.9%
Sarah ____Silverman
32.3%
Catherine __O'Hara
21.9%
Jennifer ___Saunders
18.5%

Today's Daily Dose

Missing Word
'T' Pairs

Word Ladder
Game Pieces

Get the Picture
Baseball Movies

Remove Ads.
Support Sporcle.
Get the best of Sporcle when you Go Orange. This ad-free experience offers more features, more stats, and more fun while also helping to support Sporcle. Thank you for becoming a member.

You're not logged in!

Compare scores with friends on all Sporcle quizzes.
OR
Log In

Show Comments

Extras

Top Quizzes Today


Score Distribution

Your Account Isn't Verified!

In order to create a playlist on Sporcle, you need to verify the email address you used during registration. Go to your Sporcle Settings to finish the process.

Report this User

Report this user for behavior that violates our Community Guidelines.

Details: